| 000 | 00795nam a2200277Ia 4500 | ||
|---|---|---|---|
| 008 | 160303s9999 xx 000 0 und d | ||
| 020 | _a971-92221-7-4 | ||
| 050 | _aFIL HG 5762 | ||
| 050 | _b.E87 2005 c.1 | ||
| 245 | _aEssentials of investments in the Philippine capital market : | ||
| 245 | _bworkbook / | ||
| 245 | _cedited by Reynaldo R. Nograles and Rhoderick R. Santos. | ||
| 250 | _a2nd Edition | ||
| 260 | _aLas PiƱas City : | ||
| 260 | _bSouthville International School and Colleges Systems Pub., | ||
| 260 | _c2005 | ||
| 300 | _a179 pages : | ||
| 300 | _billustrations ; | ||
| 300 | _c27 cm. | ||
| 650 | _aCapital market -- | ||
| 650 | _aFinance -- | ||
| 650 | _aInvestments -- | ||
| 650 | _xPhilippines. | ||
| 650 | _xPhilippines. | ||
| 650 | _xPhilippines. | ||
| 999 |
_c291317 _d291317 |
||